期刊信息 |
| 索取号 |
C5/PZHH
|
| 题名 |
攀枝花学院学报
|
| 作者 |
攀枝花学院学报编辑部
|
| 分册号 |
|
| 分册名 |
|
| 出版地 |
四川攀枝花
|
| 出版者 |
攀枝花学院学报编辑部
|
| 标准刊号 |
1006-4834
|
| 出版频率 |
双月刊
|
| 中图法分类 |
C5
|
| 主题词 |
社会科学 丛书; 社会科学 文集; 社会科学 连续出版物
|
| 电子资源 | |
| |
|
| 000 | 00766nas0 2200229 45 | |
| 001 | 0732448374 | |
| 005 | 20070712095430.84 | |
| 011 | @a1006-4834@dCNY4.00(2002) | |
| 100 | @a20070712d km y0chiy0120 ea | |
| 101 | 0 | @achi |
| 200 | 1 | @a攀枝花学院学报@APan Zhi Hua Xue Yuan Xue Bao@i综合版@f攀枝花学院学报编辑部@FPan Zhi Hua Xue Yuan Xue Bao Bian Ji Bu |
| 210 | @a四川攀枝花@c攀枝花学院学报编辑部 | |
| 300 | @a2002年第四期起由《攀枝花大学学报》改为攀枝花学院学报 | |
| 326 | @a双月刊 | |
| 517 | 1 | @a综合版@AZong He Ban |
| 606 | 0 | @a社会科学@x丛书 |
| 606 | 0 | @a社会科学@x文集 |
| 606 | 0 | @a社会科学@x连续出版物 |
| 690 | @aC5@v4 | |
| 711 | 02 | @a攀枝花学院学报编辑部@APan Zhi Hua Xue Yuan Xue Bao Bian Ji Bu |
| 801 | 0 | @aCN@bPFT@c20070712 |
| 905 | @aTJWY@dC5@ePZHH | |
| 攀枝花学院学报.综合版/攀枝花学院学报编辑部.-四川攀枝花:攀枝花学院学报编辑部 |
| 2002年第四期起由《攀枝花大学学报》改为攀枝花学院学报 |
| ISSN 1006-4834:CNY4.00(2002) |
| ● |
| 相关链接: |
|
|
|
|